000 00536nam a2200181 4500
001 136718
003 ES-MaACL
005 20230906195217.0
007 t|
008 070214s1950 fr r ||||1| fre d
100 1 _aSalacrou, Armand.
_9101691
245 1 0 _aPoof
_b: comédie-ballet ; suivie de L'Archipel Lenoir : comédie en deux parties /
_cArmand Salacrou.
250 _a4e éd.
260 _aParis :
_bGallimard,
_c1950.
300 _a257 p. ;
_c19 cm.
740 0 _aL'Archipel Lenoir.
852 _aES-MaACL
_jD-5650
_bR.31065
999 _c136718
_d136718